|
|
|
|
| LEADER |
00000nam a22000007a 4500 |
| 005 |
20180430172939.0 |
| 007 |
cr|||| ||| |
| 008 |
180430s2017 co |||||s|||| 00||0 spa d |
| 020 |
|
|
|a 978-958-771-516-3
|
| 035 |
|
|
|a 21541
|
| 040 |
|
|
|a vLex
|
| 090 |
|
|
|c 7851
|d 7851
|
| 100 |
1 |
|
|a Flr̤ez Uribe, Juan Antonio
|
| 245 |
1 |
0 |
|a Proyectos de inversin̤ para las PYME
|h [Recurso electrn̤ico] /
|c Juan Antonio Flr̤ez Uribe
|
| 250 |
|
|
|a Cuarta Edicin̤
|
| 256 |
|
|
|a Servicio en ln̕ea
|
| 260 |
|
|
|a Bogot:̀
|b ECOE,
|c 2017
|
| 300 |
|
|
|a 1 recurso electrn̤ico
|
| 506 |
1 |
|
|a Disponible solo en los productos indicados
|d vLex Global
|d vLex Global (Academic Edition, excluding Law Schools)
|d vLex Global (U.S. Academic Edition, Law Schools)
|d vLex Global (U.S. Academic Edition, excluding Law Schools)
|d vLex Global (Academic Edition, Law Schools)
|
| 650 |
0 |
4 |
|a Economa̕ y negocios
|z Colombia
|
| 740 |
0 |
|
|a vLex Libros (Servicio en ln̕ea)
|
| 856 |
4 |
0 |
|u http://vlex.com/source/proyectos-inversion-pyme-cuarta-edicion-21541
|z Acceso restringido
|
| 942 |
|
|
|c BOOK
|
| 999 |
0 |
|
|a Economy and business
|